00646mam a2200181 a 4500008004100000020002300041100002300064245013000087260005400217300002600271440003300297504005400330650002800384700002500412003000100437005001700438040000900455  a0931828791 (pbk. )1 aBellardo, Lewis J.12aA glossary for archivists, manuscript curators, and records managers /ccompiled by Lewis J. Bellardo and Lynn Lady Bellardo. aChicago :bSociety of American Archivists,c1992. aviii, 45 p. ;c28 cm. 0aArchival fundamentals series aIncludes Bibliographical references ( p. 41-45). 0aArchivesxDictionaries.10aBellardo, Lynn Lady.20230120153125.0 cNUST